Datum a čas kvízu

34 Celkem bodů Celkový počet nahraných bodů na tomto kvízu bez doplňovacích otázek.
6. Pořadí na kvízu Konečné umístění týmu na tomto kvízu.

Zaznamenané odpovědi

# Otázka Odpověď Body Výsledky
1. Čím konkrétně se na úterním za... měli na sobě kroje 1
2. Nepříjemný závěr své cesty zaž... olympijské hry v Paříži 1
3. Česká národní banka vydala stř... Bedřich Smetana 1
4. Společnost Euronet, která prov... Janek Rubeš 1
5. Který zahraniční fotbalista do... Cristiano Ronaldo 1
6. Napište český název nejdelší k... kost stehenní 1
7. Ve kterém kraji České republik... v Královéhradeckém 1
8. Ze kterého seriálu pochází tat... Sběratelé kostí 1
9. Kterému zvířeti patří tato kos... hrochovi 0
10. V září roku 2012 byla pod park... Richard III. 0